[Event "IECC Trio 589 email"]
[Site "IECC email"]
[Date "1998.07.27"]
[Round "?"]
[White "Herbert, Alistair"]
[Black "Bergeron, Michel"]
[Result "0-1"]
[WhiteElo "1463"]
[BlackElo "1497"]
[PlyCount "26"]
[EventDate "1998.??.??"]
[EventType "tourn (corr)"]
[EventRounds "4"]
[SourceTitle "Corr 2008"]
[Source "ChessBase"]
[SourceDate "2008.06.24"]
[SourceVersion "1"]
[SourceVersionDate "2008.06.24"]
[SourceQuality "1"]

1. c3 f5 2. e3 Nf6 3. Be2 e6 4. f3 b6 5. f4 Bb7 6. Nh3 Bxg2 7. Rg1 Bxh3 8. Rg3 Bg4 9. h3 Ne4 10. Rg2 Qh4+ 11. Kf1 Bxh3 12. Bh5+ g6 13. Bf3 Qf2# 0-1